LEADER 01021nam0-22003131i-450- 001 990006984080403321 005 20061204110708.0 010 $a2-85121-151-X 035 $a000698408 035 $aFED01000698408 035 $a(Aleph)000698408FED01 035 $a000698408 100 $a20011025d1996----km-y0itay50------ba 101 0 $afre 105 $ay-------001yy 200 1 $aSaint Augustin lecteur et interpréte de Saint Paul$edans le De peccatorum meritis et remissione$e(hiver 411-412)$fBruno Delaroche 210 $aParis$cInstitut d'Études Augustiniennes$d1996 215 $a408 p.$d25 cm 225 1 $aCollection des études augustiniennes$iAntiquité$v146 610 0 $aCRISTIANESIMO$aStoria$aOrigini 676 $a270.1$v21$zita 700 1$aDelaroche,$bBruno$0256997 801 0$aIT$bUNINA$gRICA$2UNIMARC 901 $aBK 912 $a990006984080403321 952 $a270.1 CEA 3$fFLFBC 959 $aFLFBC 996 $aSaint Augustin lecteur et interpréte de Saint Paul$9700958 997 $aUNINA